| 000 | 00745nam a2200253Ia 4500 | ||
|---|---|---|---|
| 003 | GCL | ||
| 008 | 140319s9999 xx 000 0 ara d | ||
| 040 |
_aGCL / _cGCL |
||
| 082 | 0 | 4 |
_aط _b797.2 _bب ر |
| 100 | 1 | _aاحمد خاكى | |
| 245 | 1 | 0 |
_aريادة الاعماق / _cاحمد خاكى |
| 700 | 1 | _aبوود، ريتشارد | |
| 700 | 1 | _aنايت , ب. | |
| 260 |
_a[S.N] : _bمكتبة لبنان |
||
| 300 | _a50 | ||
| 490 |
_aسلسلة الانجازات الحضارية _v0 |
||
| 650 | 0 | 4 | _aالاطفال |
| 650 | 0 | 4 | _aالالعاب الرياضية |
| 650 | 0 | 4 | _aالسباحة |
| 650 | 0 | 4 | _aالرياضة المائية |
| 650 | 0 | 4 | _aالسباحة تحت الماء |
| 650 | 0 | 4 | _aالغطس |
| 942 |
_2ddc _cBK |
||
| 999 |
_c32781 _d32781 |
||